Statistiken für 12 x 12 Multiplikationstabelle - Eine Minute Sprint

Klicken Sie hier um das Quiz zu spielen!

Allgemein

  • Dieses Quiz wurde 1.051 mal gespielt
  • Das Durchschnittsergebnis liegt bei 106 aus 144

Antwortstatistiken

Antwort% Korrekt
1
100%
2
99%
4
99%
8
99%
3
98%
6
98%
7
98%
9
98%
5
97%
10
96%
12
96%
14
93%
11
92%
16
92%
24
92%
18
90%
20
89%
22
87%
30
87%
15
84%
36
82%
21
81%
40
80%
27
79%
28
79%
25
76%
33
76%
35
75%
50
73%
60
73%
32
71%
45
70%
55
69%
44
68%
48
66%
42
59%
72
56%
66
55%
70
53%
54
52%
49
51%
80
50%
56
47%
90
47%
77
46%
100
45%
110
42%
120
42%
63
42%
88
42%
99
40%
121
37%
84
37%
144
35%
96
35%
64
33%
81
33%
132
32%
108
30%

Verteilung der Resultate

Perzentil nach korrekt beantworteten Fragen

Anzahl Personen mit jedem Resultat

Ihre Resultats-Entwicklung

Sie haben dieses Quiz noch nicht gespielt